Pokémon - Attacken von Mamutel in KA/PU - Statistiken

Allgemein
  • Dieses Quiz wurde 3 mal gespielt
  • Das Durchschnittsergebnis liegt bei 28 aus 64
Antwortstatistiken
Antwort % Korrekt
Blizzard
100%
Bodycheck
100%
Eisstrahl
100%
Eissturm
100%
Erdbeben
100%
Steinhagel
100%
Tackle
100%
Antik-Kraft
67%
Biss
67%
Bodyslam
67%
Dampfwalze
67%
Eisenschädel
67%
Eiszapfhagel
67%
Erdkräfte
67%
Erholung
67%
Fassade
67%
Felsgrab
67%
Fluch
67%
Grimasse
67%
Lehmschelle
67%
Pulverschnee
67%
Reflektor
67%
Regentanz
67%
Risikotackle
67%
Schaufler
67%
Steinkante
67%
Amnesie
33%
Ausdauer
33%
Body Press
33%
Charme
33%
Delegator
33%
Eissplitter
33%
Eiszahn
33%
Fuchtler
33%
Geofissur
33%
Gigastoß
33%
Hyperstrahl
33%
Katapult
33%
Lawine
33%
Lehmschuss
33%
Pferdestärke
33%
Sandgrab
33%
Sandsturm
33%
Schlafrede
33%
Schneelandschaft
33%
Schutzschild
33%
Stahlpresse
33%
Tarnsteine
33%
Tera-Ausbruch
33%
Wegbereiter
33%
Abschlag
0%
Brüller
0%
Doppelschlag
0%
Dreschflegel
0%
Dunkelnebel
0%
Eisspeer
0%
Felswurf
0%
Fruststampfer
0%
Gefriertrockner
0%
Gegenschlag
0%
Neck Strike
0%
Notsituation
0%
Rammboss
0%
Weißnebel
0%
Keine übereinstimmenden Quizze gefunden
Verteilung der Resultate
Anzahl Personen mit jedem Resultat
Perzentil nach korrekt beantworteten Fragen
Ihre Resultats-Entwicklung
Sie haben dieses Quiz noch nicht gespielt